000 00829nam a2200241 4500
001 140460
003 ES-MaACL
005 20250730084012.0
007 t|
008 070214s1979 sp r ||||1| spa d
110 2 _aChartered Insurance Institute (London)
_92797
245 1 0 _aSeguro de Ingeniería
_b: curso de seguros del Chartered Insurance Institute /
_c[traducción del inglés, Manuel Vivas Díaz-Berrio].
250 _a2ª ed.
260 _aMadrid :
_bMapfre,
_c1979.
300 _aVIII, 227 p. :
_bil. ;
_c21 cm.
490 1 _aTemas de seguros ;
_v12
700 1 _aVivas Díaz-Berrio, Manuel.
_9115557
710 2 _aFundación MAPFRE
_94362
830 0 _aTemas de seguros ;
_v12
_9181671
852 _aES-MaACL
_jA-9745
_bR.99193
852 _aES-MaACL
_jA-10174
_bR.99059
999 _c140460
_d140460